书目信息 |
| 题名: |
中国大型城镇住区发展的可持续性评估工具研究
|
|
| 作者: | 赵博阳 , 张小弸 著 | |
| 分册: | ||
| 出版信息: | 天津 天津大学出版社 2024.10 |
|
| 页数: | 13, 122页 | |
| 开本: | 26cm | |
| 丛书名: | ||
| 单 册: | ||
| 中图分类: | TU984.12 | |
| 科图分类: | ||
| 主题词: | 城镇--cheng zhen--住宅区规划--研究--中国 | |
| 电子资源: | ||
| ISBN: | 978-7-5618-7758-6 | |
| 000 | 01472nam0 2200265 450 | |
| 001 | 90081 | |
| 005 | 20250815105107.16 | |
| 010 | @a978-7-5618-7758-6@dCNY45.00 | |
| 100 | @a20241227d2024 em y0chiy50 ea | |
| 101 | 0 | @achi@eeng |
| 102 | @aCN@b120000 | |
| 105 | @ay a 000yy | |
| 106 | @ar | |
| 200 | 1 | @a中国大型城镇住区发展的可持续性评估工具研究@Azhong guo da xing cheng zhen zhu qu fa zhan de ke chi xu xing ping gu gong ju yan jiu@d= The research of sustainability assessment for residential district in China@f赵博阳, 张小弸著@zeng |
| 210 | @a天津@c天津大学出版社@d2024.10 | |
| 215 | @a13, 122页@d26cm | |
| 320 | @a有书目 (第122页) | |
| 330 | @a本书在对我国的土地所有权、城市规划体系和住宅发展过程进行了系统分析的基础上, 对我国可持续发展和绿色建筑的发展现状进行了较为全面的梳理, 探讨以居住区作为评价尺度的可行性和合理性, 初步建立起一个适合我国情况且有效可行的居住区项目可持续性评价框架, 并基于此框架开发出一个可持续居住区 (SRD) 评价工具。在此基础上, 研究运用该工具对典型大型城镇社区开发案例的可持续发展相关指标表现进行评估, 并通过对评估结果的分析, 衡量其可持续水平, 发现其在可持续发展方面存在的问题, 进而提出有针对性的建议。 | |
| 510 | 1 | @aResearch of sustainability assessment for residential district in China@zeng |
| 606 | 0 | @a城镇@Acheng zhen@x住宅区规划@x研究@y中国 |
| 690 | @aTU984.12@v5 | |
| 701 | 0 | @a赵博阳@Azhao bo yang@4著 |
| 701 | 0 | @a张小弸@Azhang xiao peng@4著 |
| 801 | 0 | @aCN@c20250909 |
| 905 | @a河南城建学院图书馆@dTU984.12@eZ290@f1 | |
| 中国大型城镇住区发展的可持续性评估工具研究= The research of sustainability assessment for residential district in China/赵博阳, 张小弸著.-天津:天津大学出版社,2024.10 |
| 13, 122页;26cm |
| ISBN 978-7-5618-7758-6:CNY45.00 |
| 本书在对我国的土地所有权、城市规划体系和住宅发展过程进行了系统分析的基础上, 对我国可持续发展和绿色建筑的发展现状进行了较为全面的梳理, 探讨以居住区作为评价尺度的可行性和合理性, 初步建立起一个适合我国情况且有效可行的居住区项目可持续性评价框架, 并基于此框架开发出一个可持续居住区 (SRD) 评价工具。在此基础上, 研究运用该工具对典型大型城镇社区开发案例的可持续发展相关指标表现进行评估, 并通过对评估结果的分析, 衡量其可持续水平, 发现其在可持续发展方面存在的问题, 进而提出有针对性的建议。 |
| ● |
| 相关链接 |
|
|
|
正题名:中国大型城镇住区发展的可持续性评估工具研
索取号:TU984.12/Z290
 
预约/预借
| 序号 | 登录号 | 条形码 | 馆藏地/架位号 | 状态 | 备注 |
| 1 | 1624043 | 216240431 | 建筑库201/201建筑库 63排5列4层/ [索取号:TU984.12/Z290] | 在馆 |